000 00622nam a2200241Ia 4500
003 OSt
005 20220924133119.0
006 a|||||r|||| 00| 0
007 ta
008 220923b |||||||| |||| 00| 0 ara d
024 _a257757
037 _cTextual
040 _aARTS
_cARTS
_bara
041 _2ara
_aara
082 _aO28,3x, J8
100 _aAltanifi Tahir Au.
_9205682
245 0 _aMa'arak al-qatal fi daakhil al-qatal
260 _c1958
300 _a192p.
_ccm.
650 _aARABIC FICTION
_964594
942 _hO28,3x, J8
_cTEXL
_2CC
999 _c432676
_d432676